[Event "Let's Play Chess!"]
[Site "http://www.queenalice.com/game.php?id=1311355"]
[Date "2014.9.29"]
[Round "-"]
[White "igorjava"]
[Black "GambitSuicidal"]
[Result "0-1"]
[WhiteElo "1818"]
[BlackElo "1500"]

1. e4 c5 2. Nf3 e6 3. e5 d5 4. c3 g5 5. d4 g4 6. Nfd2 f5 7. Be2 Nc6 8. O-O cxd4
9. cxd4 Nxd4 10. Qa4+ Nc6 11. f3 Qb6+ 12. Kh1 Bd7 13. Qf4 h5 14. fxg4 hxg4 15.
Nb3 Bg7 16. Qg5 Bxe5 17. Qg6+ Kf8 18. Nc3 Rxh2# 0-1

[Event "Let's Play Chess!"]
[Site "http://www.queenalice.com/game.php?id=1311356"]
[Date "2014.9.29"]
[Round "-"]
[White "GambitSuicidal"]
[Black "igorjava"]
[Result "0-1"]
[WhiteElo "1474"]
[BlackElo "1867"]

1. e4 c5 2. Nf3 d6 3. d4 cxd4 4. Nxd4 Nf6 5. Nc3 e5 6. Bb5+ Bd7 7. Bxd7+ Qxd7 8.
Nde2 Be7 9. O-O Nc6 10. Bg5 h6 11. Bxf6 Bxf6 12. Nd5 Bd8 13. b4 Ne7 14. Ng3 O-O
15. Nxe7+ Bxe7 16. Nf5 Bd8 0-1

[Event "AUTO-OPEN-3339"]
[Site "http://www.queenalice.com/game.php?id=1311656"]
[Date "2014.9.30"]
[Round "1"]
[White "GambitSuicidal"]
[Black "salso"]
[Result "1-0"]
[WhiteElo "1644"]
[BlackElo "2040"]

1. e4 e5 2. f4 d6 3. d4 exd4 4. Qxd4 Nc6 5. Qe3 Nf6 6. Nf3 Be7 7. Bc4 Be6 8.
Bxe6 fxe6 9. O-O O-O 10. Ng5 Qd7 11. Qh3 Nd8 12. e5 dxe5 13. fxe5 Qd4+ 14. Be3
Qxe5 15. Rxf6 Qxe3+ 16. Qxe3 Rxf6 17. Nd2 h6 18. Nge4 Rf5 19. Rf1 b6 20. Rxf5
exf5 21. Qb3+ Kf8 22. Qd5 fxe4 23. Qxa8 e3 24. Qf3+ Kg8 25. Qd5+ Nf7 26. Ne4 g5
27. Qa8+ Kg7 28. Qxa7 1-0

[Event "AUTO-OPEN-3339"]
[Site "http://www.queenalice.com/game.php?id=1311667"]
[Date "2014.9.30"]
[Round "1"]
[White "GambitSuicidal"]
[Black "teddy"]
[Result "1-0"]
[WhiteElo "1500"]
[BlackElo "2018"]

1. e4 c5 2. Nf3 Nc6 3. d4 cxd4 4. Nxd4 e5 5. Nb5 a6 6. Nd6+ Bxd6 7. Qxd6 Qe7 8.
Qxe7+ Ngxe7 9. Bd3 O-O 10. O-O Nb4 11. Be3 Nxd3 12. cxd3 Nc6 13. Nc3 d6 14. f4
Nb4 15. Rad1 Bg4 16. Rd2 Be6 17. fxe5 1-0

[Event "AUTO-OPEN-3339"]
[Site "http://www.queenalice.com/game.php?id=1311668"]
[Date "2014.9.30"]
[Round "1"]
[White "teddy"]
[Black "GambitSuicidal"]
[Result "0-1"]
[WhiteElo "2018"]
[BlackElo "1500"]

1. e4 e6 2. d4 c5 3. c3 d5 4. e5 cxd4 5. cxd4 Nc6 6. Be2 Qb6 7. Nf3 Nge7 8. O-O
Nf5 9. Nc3 Nfxd4 10. Na4 Nxf3+ 11. gxf3 Qd4 12. Qxd4 Nxd4 13. Nc3 Nxe2+ 14. Nxe2
b6 0-1

[Event "Fast Play 1"]
[Site "http://www.queenalice.com/game.php?id=1312459"]
[Date "2014.10.4"]
[Round "-"]
[White "Poison"]
[Black "GambitSuicidal"]
[Result "1-0"]
[WhiteElo "1760"]
[BlackElo "1666"]

1. e4 e5 2. Nf3 Nc6 3. Bc4 Bc5 4. b4 Nxb4 5. c3 Nc6 6. d4 Bd6 7. dxe5 Bxe5 8.
Bxf7+ Kxf7 9. Qd5+ Kf8 10. Nxe5 Nxe5 11. Qxe5 d6 12. Qd4 Nf6 13. c4 b6 14. Nc3
Kf7 15. O-O Rf8 16. Bg5 h6 17. Bh4 Bb7 18. f3 Qe7 19. Nd5 Qe5 20. Qxe5 dxe5 21.
Nxc7 Rac8 22. Nb5 Ke6 23. Rfd1 1-0

[Event "Fast Play 2"]
[Site "http://www.queenalice.com/game.php?id=1312460"]
[Date "2014.10.4"]
[Round "-"]
[White "Poison"]
[Black "GambitSuicidal"]
[Result "1-0"]
[WhiteElo "1727"]
[BlackElo "1776"]

1. e4 e5 2. Nf3 Nc6 3. Bc4 Bc5 4. b4 Bxb4 5. c3 Ba5 6. d4 exd4 7. Qb3 Qf6 8. O-O
Bb6 9. e5 Qg6 10. cxd4 Nxd4 11. Nxd4 Bxd4 12. Nc3 b6 13. Nb5 Bb7 14. Bd5 Bxa1
15. Bxb7 Rb8 16. Ba6 Ne7 17. Re1 Nc6 18. Ba3 Bd4 19. Qd5 Bc5 20. Nxc7+ Ke7 21.
Bxc5+ bxc5 22. Rd1 1-0

[Event "Fast Play 3"]
[Site "http://www.queenalice.com/game.php?id=1312461"]
[Date "2014.10.4"]
[Round "-"]
[White "Poison"]
[Black "GambitSuicidal"]
[Result "1-0"]
[WhiteElo "1745"]
[BlackElo "1712"]

1. e4 e5 2. Nf3 Nc6 3. Bc4 Bc5 4. b4 Bxb4 5. c3 Ba5 6. d4 exd4 7. Qb3 Qf6 8. O-O
Bb6 9. e5 Qg6 10. cxd4 Na5 11. Qb4 Ne7 12. Nbd2 Qc2 13. Bb3 Nxb3 14. axb3 Nc6
15. Qa4 Qd3 16. Bb2 Qa6 17. d5 Qxa4 18. Rxa4 Ne7 19. d6 Nd5 20. Rg4 O-O 21. Ne4
h5 22. Rg5 1-0

[Event "Play an Attacker"]
[Site "http://www.queenalice.com/game.php?id=1312609"]
[Date "2014.10.5"]
[Round "-"]
[White "GambitSuicidal"]
[Black "Faster"]
[Result "0-1"]
[WhiteElo "1632"]
[BlackElo "1904"]

1. e4 e5 2. f4 exf4 3. Nf3 g5 4. d4 g4 5. Bxf4 gxf3 6. Qxf3 Nc6 7. c3 d6 8. Bc4
Qh4+ 9. Bg3 Qf6 10. Qd3 Nh6 11. Rf1 Qg6 12. Nd2 Bd7 13. O-O-O O-O-O 14. Kb1 f5
15. d5 Ne5 16. Bxe5 dxe5 17. g3 fxe4 18. Nxe4 Bf5 19. Rde1 Kb8 20. Qe2 Bg7 0-1